[Event "FIDE World Uni Rapid-D 1st"]
[Site "Tornelo INT"]
[Date "2021.03.20"]
[Round "6"]
[White "Rousseau, Matthieu"]
[Black "Fisabilillah, Ummi"]
[Result "1-0"]
[WhiteElo "1867"]
[BlackElo "2159"]
[PlyCount "75"]
[EventDate "2021.03.20"]
[EventType "swiss (rapid)"]
[EventRounds "12"]
[EventCountry "NET"]
[SourceTitle "EXT 2022"]
[Source "ChessBase"]
[SourceDate "2021.10.06"]
[SourceVersion "1"]
[SourceVersionDate "2021.10.06"]
[SourceQuality "1"]

1. d4 d5 2. Bf4 Nf6 3. Nd2 Bf5 4. e3 e6 5. c4 Be7 6. Ngf3 0-0 7. Be2 Nbd7 8. cxd5 exd5 9. Qb3 Qc8 10. Rc1 c6 11. 0-0 a5 12. h3 a4 13. Qd1 Qd8 14. g4 Be4 15. Nxe4 Nxe4 16. Bd3 Ndf6 17. Ne5 Ne8 18. Qc2 f5 19. f3 N4d6 20. gxf5 Bg5 21. f6 Qxf6 22. Bxh7+ Kh8 23. Ng6+ Kxh7 24. Nxf8+ Kg8 25. Nh7 Qh6 26. Nxg5 Qh5 27. Kh2 Rd8 28. Rg1 Rd7 29. Rg4 Re7 30. Rcg1 Nc4 31. e4 Nf6 32. R4g3 Qh4 33. Be5 Nxe5 34. dxe5 Rxe5 35. exd5 Nxd5 36. Qg6 Re7 37. Re1 Nf4 38. Qe8+ 1-0

[Event "FIDE World Uni Rapid-D 1st"]
[Site "Tornelo INT"]
[Date "2021.03.20"]
[Round "5"]
[White "Rousseau, Matthieu"]
[Black "Gabitova, Dilyara"]
[Result "1-0"]
[WhiteElo "1867"]
[BlackElo "1671"]
[PlyCount "57"]
[EventDate "2021.03.20"]
[EventType "swiss (rapid)"]
[EventRounds "12"]
[EventCountry "NET"]
[SourceTitle "EXT 2022"]
[Source "ChessBase"]
[SourceDate "2021.10.06"]
[SourceVersion "1"]
[SourceVersionDate "2021.10.06"]
[SourceQuality "1"]

1. d4 Nf6 2. Bf4 e6 3. e3 d5 4. Nf3 c5 5. h3 Nc6 6. Bd3 Bd6 7. dxc5 Bxc5 8. Nbd2 0-0 9. 0-0 Re8 10. e4 e5 11. Bg3 Nh5 12. Bh4 Be7 13. Bxe7 Rxe7 14. exd5 Qxd5 15. Be4 Qd6 16. Nc4 Qxd1 17. Raxd1 f6 18. Bxc6 bxc6 19. Rd8+ Kf7 20. Nd6+ Ke6 21. Nxc8 Rc7 22. Nd4+ exd4 23. Re1+ Kf7 24. Nd6+ Kg6 25. Rxa8 Nf4 26. Re4 Kg5 27. h4+ Kg4 28. f3+ Kg3 29. Nf5# 1-0

[Event "FIDE World Uni Blitz-B 1st"]
[Site "Tornelo INT"]
[Date "2021.03.13"]
[Round "4.18"]
[White "Matviishen, Viktor"]
[Black "Rousseau, Matthieu"]
[Result "1-0"]
[WhiteElo "2512"]
[BlackElo "1867"]
[PlyCount "55"]
[EventDate "2021.03.13"]
[EventType "swiss (blitz)"]
[EventRounds "10"]
[EventCountry "NET"]
[SourceTitle "EXT 2022"]
[Source "ChessBase"]
[SourceDate "2021.10.06"]
[SourceVersion "1"]
[SourceVersionDate "2021.10.06"]
[SourceQuality "1"]

1. d4 d5 2. c4 e6 3. Nc3 Nf6 4. Bg5 Be7 5. e3 c6 6. Nf3 h6 7. Bh4 Nbd7 8. Qc2 dxc4 9. Bxc4 Nb6 10. Be2 Nbd5 11. 0-0 Bd7 12. Ne5 Nxc3 13. bxc3 b6 14. Bf3 Rc8 15. c4 c5 16. Rfd1 0-0 17. dxc5 Rc7 18. c6 g5 19. Bg3 Bc5 20. cxd7 Nxd7 21. Nc6 Rxc6 22. Bxc6 Qc7 23. Bxd7 e5 24. Qf5 Bd6 25. Qf6 Qxd7 26. Rxd6 Qa4 27. Bxe5 Rd8 28. Qg7# 1-0

[Event "FRA-ch Blitz Online Qual"]
[Site "Europe Echecs INT"]
[Date "2020.05.16"]
[Round "6"]
[White "Rousseau, Matthieu"]
[Black "Anselin, Djavan"]
[Result "1-0"]
[WhiteElo "1862"]
[BlackElo "1499"]
[PlyCount "113"]
[EventDate "2020.05.16"]
[EventType "swiss (blitz)"]
[EventRounds "15"]
[EventCountry "FRA"]
[SourceTitle "CBM 196 Extra"]
[Source "ChessBase"]
[SourceDate "2020.07.31"]
[SourceVersion "1"]
[SourceVersionDate "2020.07.31"]
[SourceQuality "1"]

1. d4 d5 2. Bf4 Nf6 3. Nf3 Bf5 4. e3 e6 5. Bd3 Bg6 6. 0-0 Be7 7. Nbd2 0-0 8. Ne5 Nbd7 9. Ndf3 Bxd3 10. Qxd3 Ne4 11. Nxd7 Qxd7 12. c4 c6 13. cxd5 exd5 14. Ne5 Qd8 15. Rac1 Bg5 16. Bxg5 Qxg5 17. f4 Qd8 18. Rf3 f6 19. Ng4 Qb6 20. b3 Qa5 21. a4 Qd2 22. Rd1 Qxd3 23. Rxd3 h5 24. Nf2 f5 25. Rh3 g6 26. Nxe4 fxe4 27. Rc3 Kg7 28. Rg3 Rac8 29. Rg5 Rf5 30. Rxf5 gxf5 31. b4 Kf6 32. Kf2 b6 33. Kg3 Kg6 34. Kh4 Kh6 35. h3 Kg6 36. g4 hxg4 37. hxg4 Rh8+ 38. Kg3 Kf6 39. Rxc6+ Ke7 40. Rc7+ Kd6 41. Rxa7 Rg8 42. g5 Kc6 43. Rf7 Ra8 44. Rf6+ Kd7 45. g6 Rxa4 46. g7 Ra1 47. Kh4 Rg1 48. Kh5 Rxg7 49. Rxf5 Kc6 50. Rg5 Rd7 51. f5 Kb5 52. f6 Kxb4 53. Kg6 b5 54. f7 Rd6+ 55. Kf5 Rd8 56. Rg8 Rd6 57. f8Q 1-0

[Event "Montigny le Bretonneux-B 15th"]
[Site "Montigny le Bretonneux"]
[Date "2016.10.25"]
[Round "4.1"]
[White "Rousseau, Matthieu"]
[Black "Mourgues, Joelle"]
[Result "1-0"]
[WhiteElo "1782"]
[BlackElo "1707"]
[PlyCount "149"]
[EventDate "2016.10.22"]
[EventType "tourn"]
[EventRounds "9"]
[EventCountry "FRA"]
[SourceTitle "EXT 2024"]
[Source "ChessBase"]
[SourceDate "2023.10.10"]
[SourceVersion "1"]
[SourceVersionDate "2023.10.10"]
[SourceQuality "1"]

1. d4 g6 2. Bf4 d6 3. c4 Bg7 4. Nc3 Nf6 5. Nf3 0-0 6. e4 Nh5 7. Be3 Nd7 8. Be2 c5 9. 0-0 a6 10. Rc1 cxd4 11. Nxd4 Nhf6 12. Re1 Nc5 13. f3 Ne6 14. Nb3 b6 15. Qd2 Nc5 16. Nd4 Bb7 17. b4 Ne6 18. Nb3 Nd7 19. Nd5 a5 20. b5 Bxd5 21. cxd5 Nec5 22. Nd4 Nf6 23. Nc6 Qd7 24. Bc4 Ne8 25. Bxc5 dxc5 26. e5 Rc8 27. Rcd1 Kh8 28. Qg5 f6 29. Qe3 fxe5 30. Nxe5 Qd6 31. Kh1 Nc7 32. Nc6 Bf6 33. Re2 Kg7 34. Rde1 Rcd8 35. Qd3 Rf7 36. a4 h5 37. Ba2 Bg5 38. Re6 Nxe6 39. Rxe6 Qf4 40. Kg1 Rf6 41. Qc3 Qc1+ 42. Qxc1 Bxc1 43. d6 Rxe6 44. d7 Rf8 45. Bxe6 Kf6 46. Bc4 e5 47. d8Q+ Rxd8 48. Nxd8 g5 49. Kf2 e4 50. Nc6 Kf5 51. Ne7+ Ke5 52. Nc8 exf3 53. Kxf3 g4+ 54. Ke2 Kd4 55. Nxb6 Bf4 56. Bf7 h4 57. Be6 g3 58. hxg3 Bxg3 59. Nc4 Kc3 60. Nxa5 Kb4 61. Nc4 Kxa4 62. b6 Kb5 63. b7 Kc6 64. Bc8 Kb5 65. Kd3 Kc6 66. Ne3 Kb5 67. Nf5 c4+ 68. Kc2 Be5 69. Nxh4 Kc5 70. g4 Kb6 71. Nf3 Bf4 72. g5 Kc7 73. g6 Bh6 74. Ne5 c3 75. Nd7 1-0

[Event "Montigny le Bretonneux Noel op 16th"]
[Site "Montigny le Bretonneux"]
[Date "2015.12.30"]
[Round "7"]
[White "Etrog, Jonathan"]
[Black "Rousseau, Matthieu"]
[Result "0-1"]
[WhiteElo "2250"]
[BlackElo "1789"]
[PlyCount "114"]
[EventDate "2015.12.27"]
[EventType "swiss"]
[EventRounds "7"]
[EventCountry "FRA"]
[SourceTitle "CBM 170 Extra"]
[Source "ChessBase"]
[SourceDate "2016.02.25"]
[SourceVersion "1"]
[SourceVersionDate "2016.02.25"]
[SourceQuality "1"]

1. c4 b6 2. Nc3 Bb7 3. e4 e5 4. Nf3 Nc6 5. g3 Nf6 6. Bg2 Bc5 7. 0-0 0-0 8. d3 h6 9. Nd5 d6 10. a3 Nxd5 11. cxd5 Nd4 12. Be3 Nxf3+ 13. Bxf3 Bxe3 14. fxe3 a5 15. Rc1 Ba6 16. Rc3 Re8 17. Qe2 Re7 18. Rfc1 Ra7 19. Bg4 Bc8 20. Bf5 Bxf5 21. exf5 f6 22. e4 Qe8 23. Rc6 Kh7 24. Kf2 Kg8 25. Ke1 Kh7 26. Kd2 Kg8 27. R1c2 Kh7 28. Kc1 Kg8 29. Kb1 Kh7 30. Rc1 Kg8 31. h4 g5 32. Rh1 Rh7 33. Ka2 Qf7 34. Rcc1 Ra8 35. Qf3 c5 36. Rh2 Qg7 37. hxg5 fxg5 38. Rch1 Qf6 39. g4 Kg7 40. Rc2 Rf8 41. Qe2 Qd8 42. b4 axb4 43. axb4 Qd7 44. Kb3 Qb5 45. Ra2 Rc8 46. Ra7+ Kg8 47. Rha1 Rxa7 48. Rxa7 Qxb4+ 49. Ka2 c4 50. Qc2 Rc5 51. Ra8+ Kf7 52. Ra7+ Kf6 53. dxc4 Rxc4 54. Qh2 h5 55. gxh5 Rxe4 56. h6 Qc4+ 57. Ka3 Re3+ 0-1

[Event "Montigny le Bretonneux Noel op 16th"]
[Site "Montigny le Bretonneux"]
[Date "2015.12.28"]
[Round "3"]
[White "Duval, Dominique"]
[Black "Rousseau, Matthieu"]
[Result "0-1"]
[WhiteElo "1664"]
[BlackElo "1789"]
[PlyCount "118"]
[EventDate "2015.12.27"]
[EventType "swiss"]
[EventRounds "7"]
[EventCountry "FRA"]
[SourceTitle "CBM 170 Extra"]
[Source "ChessBase"]
[SourceDate "2016.02.25"]
[SourceVersion "1"]
[SourceVersionDate "2016.02.25"]
[SourceQuality "1"]

1. d4 d5 2. Nf3 Bg4 3. e3 e6 4. Nbd2 c5 5. c3 Nc6 6. Qb3 Qb6 7. Bb5 a6 8. Bxc6+ Qxc6 9. Ne5 Qc7 10. Nxg4 c4 11. Qc2 f6 12. f4 h5 13. Qg6+ Ke7 14. Nf2 f5 15. Nf3 Rh6 16. Qg5+ Ke8 17. Ne5 Nf6 18. h3 h4 19. Ng6 Nh7 20. Qxh6 gxh6 21. Nxf8 Kxf8 22. Bd2 Kf7 23. Ke2 Rg8 24. Rhg1 Nf6 25. Be1 Nh5 26. Nh1 Qd8 27. g4 hxg3 28. Bxg3 Nxg3+ 29. Rxg3 Rxg3 30. Nxg3 Qh4 31. Kf2 Qd8 32. Re1 a5 33. a3 b5 34. Ra1 Qe7 35. h4 Qxh4 36. Rh1 Qe7 37. Rxh6 Kg7 38. Rh5 b4 39. axb4 axb4 40. Rxf5 bxc3 41. bxc3 Qa3 42. Rg5+ Kf7 43. Ne2 Qf8 44. Ng3 Qh6 45. Rh5 Qg6 46. Rg5 Qc2+ 47. Ne2 Qh7 48. Rg2 Kf6 49. Rg5 Qh2+ 50. Rg2 Qh4+ 51. Rg3 Kf5 52. Kf3 Qh5+ 53. Kf2 Ke4 54. Nc1 Qd1 55. Ne2 Qh1 56. f5 exf5 57. Rg4+ Kd3 58. Rg1 Qh2+ 59. Rg2 Qxg2+ 0-1

[Event "Montigny le Bretonneux Noel op 16th"]
[Site "Montigny le Bretonneux"]
[Date "2015.12.27"]
[Round "1"]
[White "Benbakir, Ameur"]
[Black "Rousseau, Matthieu"]
[Result "0-1"]
[WhiteElo "1399"]
[BlackElo "1789"]
[PlyCount "74"]
[EventDate "2015.12.27"]
[EventType "swiss"]
[EventRounds "7"]
[EventCountry "FRA"]
[SourceTitle "CBM 170 Extra"]
[Source "ChessBase"]
[SourceDate "2016.02.25"]
[SourceVersion "1"]
[SourceVersionDate "2016.02.25"]
[SourceQuality "1"]

1. e4 e6 2. Nf3 d5 3. exd5 exd5 4. h3 Nf6 5. d4 Bd6 6. Nc3 c6 7. Bd3 Be6 8. Bg5 Nbd7 9. Qd2 h6 10. Be3 Bb4 11. 0-0-0 Qa5 12. Kb1 Ne4 13. Bxe4 dxe4 14. Ne5 Bxa2+ 15. Kc1 Bd5 16. Qe2 Bxc3 17. bxc3 Nxe5 18. dxe5 0-0-0 19. Kb2 Qa2+ 20. Kc1 Bc4 21. Qg4+ Be6 22. Qxe6+ fxe6 23. Rd6 Rxd6 24. exd6 Qa1+ 25. Kd2 Qxh1 26. c4 Kd7 27. c5 Rf8 28. g3 Rf5 29. h4 Rd5+ 30. Kc3 Qa1+ 31. Kc4 Qb2 32. f4 Qxc2+ 33. Kb4 Qb2+ 34. Kc4 Qb5+ 35. Kc3 Rd3+ 36. Kc2 Qb3+ 37. Kc1 Rd1# 0-1

[Event "Montigny le Bretonneux-B 14th"]
[Site "Montigny le Bretonneux"]
[Date "2015.10.21"]
[Round "5.2"]
[White "Billot, Daniel"]
[Black "Rousseau, Matthieu"]
[Result "0-1"]
[WhiteElo "1776"]
[BlackElo "1724"]
[PlyCount "148"]
[EventDate "2015.10.17"]
[EventType "tourn"]
[EventRounds "9"]
[EventCountry "FRA"]
[SourceTitle "EXT 2024"]
[Source "ChessBase"]
[SourceDate "2023.10.10"]
[SourceVersion "1"]
[SourceVersionDate "2023.10.10"]
[SourceQuality "1"]

1. e4 e6 2. d4 d5 3. e5 c5 4. c3 Nc6 5. Nf3 Bd7 6. dxc5 Bxc5 7. Bd3 Nge7 8. 0-0 Ng6 9. Re1 Qb6 10. Qe2 Rc8 11. b4 Be7 12. a4 Qc7 13. Na3 Ncxe5 14. Nxe5 Qxe5 15. Qxe5 Nxe5 16. Rxe5 Bf6 17. Bf4 Bxe5 18. Bxe5 f6 19. Bd4 a6 20. a5 e5 21. Bc5 Kf7 22. f3 Rc6 23. c4 Rhc8 24. cxd5 Rxc5 25. bxc5 Rxc5 26. Nc2 Ke7 27. Ne3 g6 28. Rb1 Bc8 29. Nc4 Rxd5 30. Nb6 Rxd3 31. Nxc8+ Kd7 32. Nb6+ Kd6 33. Kf2 Kc6 34. Na4 Ra3 35. Rb6+ Kc7 36. Rb4 Kc6 37. g3 f5 38. Kg2 g5 39. h4 gxh4 40. gxh4 e4 41. fxe4 fxe4 42. Kf2 Kd5 43. Nb6+ Kc6 44. Ke2 Rxa5 45. Ke3 Rh5 46. Na4 Rxh4 47. Nc3 Rh3+ 48. Kd4 e3 49. Rc4+ Kb6 50. Nd5+ Kb5 51. Rc5+ Ka4 52. Nb6+ Kb3 53. Rc3+ Kb4 54. Nd5+ Ka4 55. Nb6+ Kb5 56. Nd5 e2 57. Rc1 a5 58. Nc3+ Ka6 59. Nxe2 b5 60. Nf4 Rh4 61. Ke5 a4 62. Nd5 b4 63. Rc6+ Kb7 64. Rc7+ Kb8 65. Rc5 b3 66. Rb5+ Ka7 67. Ra5+ Kb7 68. Rb5+ Kc6 69. Ra5 b2 70. Ra6+ Kd7 71. Ra7+ Kc8 72. Ne7+ Kd8 73. Nc6+ Ke8 74. Ke6 Rh6+ 0-1

[Event "Montigny le Bretonneux-B 14th"]
[Site "Montigny le Bretonneux"]
[Date "2015.10.18"]
[Round "2.1"]
[White "Rousseau, Matthieu"]
[Black "Ribiere, Damien"]
[Result "0-1"]
[WhiteElo "1724"]
[BlackElo "1885"]
[PlyCount "116"]
[EventDate "2015.10.17"]
[EventType "tourn"]
[EventRounds "9"]
[EventCountry "FRA"]
[SourceTitle "EXT 2024"]
[Source "ChessBase"]
[SourceDate "2023.10.10"]
[SourceVersion "1"]
[SourceVersionDate "2023.10.10"]
[SourceQuality "1"]

1. d4 d6 2. c4 g6 3. Nc3 Bg7 4. Nf3 Nf6 5. Bf4 0-0 6. e3 Nh5 7. Bg5 c6 8. Bd3 Nd7 9. 0-0 Qe8 10. e4 e5 11. d5 h6 12. Bd2 f5 13. Qb3 Nc5 14. Qc2 g5 15. Be3 Nxd3 16. Qxd3 Qg6 17. dxc6 bxc6 18. Rfd1 fxe4 19. Qxe4 Qxe4 20. Nxe4 d5 21. cxd5 cxd5 22. Nc5 d4 23. Bd2 Bg4 24. Bb4 Bxf3 25. gxf3 Rxf3 26. Ne6 Nf4 27. Nc7 Rc8 28. Rac1 Ne2+ 29. Kg2 Nxc1 30. Kxf3 Rxc7 31. Bd2 Nxa2 32. Ra1 Rc2 33. Bxg5 Rxb2 34. Be7 Kf7 35. Ba3 Rb3+ 36. Ke4 Rxa3 37. Rg1 Rh3 38. Ra1 Nc3+ 39. Kf5 Rh5+ 40. Kg4 Rg5+ 41. Kh4 Nb5 42. Rf1 Bf6 43. Kh3 Rh5+ 44. Kg3 e4 45. f4 d3 46. f5 Be5+ 47. Kg4 Rg5+ 48. Kh3 d2 49. f6 Bxf6 50. Rg1 e3 51. Rd1 Rd5 52. Rb1 d1Q 53. Rxd1 Rxd1 54. Kg4 e2 55. h4 e1Q 56. Kf3 Rd3+ 57. Kf4 Qg3+ 58. Ke4 Nd6# 0-1

[Event "Montigny le Bretonneux-B 14th"]
[Site "Montigny le Bretonneux"]
[Date "2015.10.17"]
[Round "1.4"]
[White "Duval, Dominique"]
[Black "Rousseau, Matthieu"]
[Result "0-1"]
[WhiteElo "1717"]
[BlackElo "1724"]
[PlyCount "80"]
[EventDate "2015.10.17"]
[EventType "tourn"]
[EventRounds "9"]
[EventCountry "FRA"]
[SourceTitle "EXT 2024"]
[Source "ChessBase"]
[SourceDate "2023.10.10"]
[SourceVersion "1"]
[SourceVersionDate "2023.10.10"]
[SourceQuality "1"]

1. d4 d5 2. Nf3 Bf5 3. e3 e6 4. c4 Nf6 5. Qb3 b6 6. cxd5 Qxd5 7. Bc4 Qb7 8. Nc3 c6 9. a4 Na6 10. 0-0 Nb4 11. Ne1 Bd6 12. f3 Bg6 13. e4 Be7 14. Bg5 Rd8 15. Be3 0-0 16. Rd1 a6 17. Nc2 Nxc2 18. Qxc2 Nd5 19. Qe2 Nxe3 20. Qxe3 b5 21. axb5 cxb5 22. Bb3 Qb6 23. Kh1 a5 24. Ne2 a4 25. Ba2 Rc8 26. Rc1 e5 27. Bd5 h6 28. Qd3 Bf6 29. dxe5 Bxe5 30. f4 Bxb2 31. Rb1 a3 32. f5 Bh7 33. Qb3 Qc5 34. h3 Qc2 35. Qxb5 Rc5 36. Qa6 Bxf5 37. Ng3 Bc8 38. Qg6 Rxd5 39. Rxf7 Qxb1+ 40. Kh2 Rxf7 0-1

[Event "Montigny le Bretonneux op 13th"]
[Site "Montigny le Bretonneux"]
[Date "2014.10.24"]
[Round "7"]
[White "Verat Fayolle, Celian"]
[Black "Rousseau, Matthieu"]
[Result "0-1"]
[WhiteElo "1302"]
[BlackElo "1664"]
[PlyCount "52"]
[EventDate "2014.10.18"]
[EventType "swiss"]
[EventRounds "9"]
[EventCountry "FRA"]
[SourceTitle "EXT 2016"]
[Source "ChessBase"]
[SourceDate "2015.10.08"]
[SourceVersion "1"]
[SourceVersionDate "2015.10.08"]
[SourceQuality "1"]

1. e4 e6 2. d4 d5 3. exd5 exd5 4. Bf4 Nf6 5. Bd3 Bd6 6. Ne2 0-0 7. 0-0 Bg4 8. f3 Be6 9. Nbc3 c6 10. Qd2 Re8 11. Bxd6 Qxd6 12. Nf4 Qb4 13. a3 Qxd4+ 14. Kh1 Qc5 15. Nfe2 Nbd7 16. Nd4 g6 17. Nxe6 Rxe6 18. Rfe1 Rae8 19. Ne2 Ne5 20. f4 Nxd3 21. cxd3 Qf2 22. Qc3 Rxe2 23. Rxe2 Rxe2 24. Rg1 Qxf4 25. Qc5 Ng4 26. g3 Qf3+ 0-1

[Event "Montigny le Bretonneux op 13th"]
[Site "Montigny le Bretonneux"]
[Date "2014.10.22"]
[Round "5"]
[White "Fruchard, Alois"]
[Black "Rousseau, Matthieu"]
[Result "0-1"]
[WhiteElo "1120"]
[BlackElo "1664"]
[PlyCount "112"]
[EventDate "2014.10.18"]
[EventType "swiss"]
[EventRounds "9"]
[EventCountry "FRA"]
[SourceTitle "EXT 2016"]
[Source "ChessBase"]
[SourceDate "2015.10.08"]
[SourceVersion "1"]
[SourceVersionDate "2015.10.08"]
[SourceQuality "1"]

1. d4 e6 2. c4 d5 3. Nc3 Nf6 4. e3 c6 5. Nf3 Qb6 6. Bd3 dxc4 7. Bxc4 Nd5 8. 0-0 Bd6 9. e4 Nxc3 10. bxc3 Nd7 11. e5 Be7 12. Qc2 Qc7 13. Qe4 b5 14. Bxb5 Bb7 15. Bc4 Nb6 16. Qd3 a5 17. Bg5 Bxg5 18. Nxg5 Nxc4 19. Qxc4 Ba6 20. Qc5 Bxf1 21. Rxf1 Rb8 22. Qa3 Qe7 23. Qc1 h6 24. Ne4 0-0 25. Qc2 Qa3 26. Nc5 Rb2 27. Qe4 Qxc3 28. Na4 Qc2 29. Qxc2 Rxc2 30. Nc5 Rd8 31. Rd1 Rxd4 32. Re1 Rxc5 33. h3 Rdd5 34. f4 Rc2 35. a3 Rdd2 36. Rb1 Rxg2+ 37. Kf1 Rh2 38. Kg1 Rxh3 39. Rb8+ Kh7 40. a4 Ra3 41. Rb1 Rxa4 42. f5 Rg4+ 43. Kf1 Rf4+ 44. Kg1 Rxf5 45. Rf1 Rxe5 46. Rxf7 Rg5+ 47. Kf1 Rb5 48. Kg1 Rb1+ 49. Rf1 Rxf1+ 50. Kxf1 e5 51. Ke1 e4 52. Kd1 Rf2 53. Ke1 e3 54. Kd1 Kg6 55. Ke1 a4 56. Kd1 a3 0-1

[Event "Montigny le Bretonneux-C 11th"]
[Site "Montigny le Bretonneux"]
[Date "2012.11.04"]
[Round "9"]
[White "Rousseau, Matthieu"]
[Black "Engel, Gerard"]
[Result "0-1"]
[WhiteElo "1620"]
[BlackElo "1684"]
[PlyCount "106"]
[EventDate "2012.10.27"]
[EventType "tourn"]
[EventRounds "9"]
[EventCountry "FRA"]
[SourceTitle "EXT 2014"]
[Source "ChessBase"]
[SourceDate "2013.11.20"]
[SourceVersion "1"]
[SourceVersionDate "2013.11.20"]
[SourceQuality "1"]

1. d4 d5 2. c4 dxc4 3. e4 e5 4. d5 Nf6 5. Bg5 Be7 6. Nc3 0-0 7. Bxc4 a6 8. a3 c6 9. Nf3 cxd5 10. Bxf6 Bxf6 11. Nxd5 Nc6 12. Nxf6+ Qxf6 13. 0-0 Bg4 14. Be2 Rfd8 15. Qc2 Bxf3 16. Bxf3 Nd4 17. Qc3 Rac8 18. Qa5 Nxf3+ 19. gxf3 Qxf3 20. Qxe5 Re8 21. Qf5 Qxe4 22. Qxe4 Rxe4 23. Rac1 Rce8 24. Rc7 R4e7 25. Rfc1 g6 26. Kf1 Kg7 27. a4 h5 28. b3 g5 29. R1c5 Kg6 30. a5 h4 31. Kg2 f5 32. Rc4 g4 33. h3 gxh3+ 34. Kxh3 Kg5 35. Rxe7 Rxe7 36. f4+ Kh5 37. Rc3 Re4 38. Rf3 Rb4 39. Kg2 Kg4 40. Rh3 Rxf4 41. Rd3 Rb4 42. Rc3 f4 43. Rd3 Rb5 44. Rc3 Rxa5 45. b4 Rb5 46. Rc4 a5 47. bxa5 Rxa5 48. Rc3 Ra2+ 49. Kh1 f3 50. Rc1 Kh3 51. Rf1 f2 52. Rb1 Ra3 53. Rf1 Rf3 0-1

[Event "Montigny le Bretonneux-C 11th"]
[Site "Montigny le Bretonneux"]
[Date "2012.11.01"]
[Round "6"]
[White "Urtado, Olivier"]
[Black "Rousseau, Matthieu"]
[Result "1-0"]
[WhiteElo "1626"]
[BlackElo "1620"]
[PlyCount "133"]
[EventDate "2012.10.27"]
[EventType "tourn"]
[EventRounds "9"]
[EventCountry "FRA"]
[SourceTitle "EXT 2014"]
[Source "ChessBase"]
[SourceDate "2013.11.20"]
[SourceVersion "1"]
[SourceVersionDate "2013.11.20"]
[SourceQuality "1"]

1. e4 e6 2. d4 d5 3. e5 c5 4. Nf3 Nc6 5. Bd3 Bd7 6. 0-0 cxd4 7. Re1 Bb4 8. c3 dxc3 9. bxc3 Bc5 10. Bf4 Nge7 11. Bg3 Qb6 12. Qc2 h6 13. Nbd2 Nf5 14. Bxf5 exf5 15. Rab1 Qd8 16. Rxb7 Bb6 17. e6 fxe6 18. Qxf5 Qf6 19. Qxd5 Rd8 20. Rxd7 Rxd7 21. Qxc6 Ke7 22. Ne4 Qf7 23. Ne5 Qe8 24. Qxd7+ Qxd7 25. Nxd7 Kxd7 26. Rd1+ Ke7 27. c4 Rc8 28. c5 Bc7 29. Bxc7 Rxc7 30. h3 e5 31. Rb1 Ke6 32. f3 Kd5 33. Kf2 Kc4 34. c6 a5 35. Rb7 Rxc6 36. Rxg7 Kd4 37. Rd7+ Kc4 38. Rd2 a4 39. Rc2+ Kd5 40. Rxc6 Kxc6 41. Ke3 a3 42. Kd3 Kb5 43. Kc3 Ka4 44. Nd6 h5 45. Nf7 Kb5 46. Nxe5 Kc5 47. Kb3 Kd5 48. Ng6 Ke6 49. Nf4+ Kf5 50. Nxh5 Kg5 51. g4 Kg6 52. Kxa3 Kg5 53. Kb4 Kh6 54. a4 Kg5 55. a5 Kh4 56. a6 Kxh3 57. a7 Kh4 58. a8Q Kh3 59. Qf8 Kg2 60. Qf4 Kf1 61. Kc3 Kf2 62. Kd2 Kf1 63. g5 Kf2 64. g6 Kg2 65. Ke2 Kg1 66. g7 Kg2 67. g8Q+ 1-0

[Event "Montigny le Bretonneux-C 11th"]
[Site "Montigny le Bretonneux"]
[Date "2012.10.30"]
[Round "4"]
[White "Rousseau, Matthieu"]
[Black "Krestinine, Nikita"]
[Result "0-1"]
[WhiteElo "1620"]
[BlackElo "1403"]
[PlyCount "178"]
[EventDate "2012.10.27"]
[EventType "tourn"]
[EventRounds "9"]
[EventCountry "FRA"]
[SourceTitle "EXT 2014"]
[Source "ChessBase"]
[SourceDate "2013.11.20"]
[SourceVersion "1"]
[SourceVersionDate "2013.11.20"]
[SourceQuality "1"]

1. d4 Nf6 2. c4 e6 3. Nc3 d5 4. Bg5 Be7 5. e3 0-0 6. Nf3 Nbd7 7. a3 a6 8. Bd3 dxc4 9. Bxc4 b5 10. Bd3 Bb7 11. e4 c5 12. Bxf6 Bxf6 13. e5 Be7 14. dxc5 Nxc5 15. Bc2 Qxd1+ 16. Bxd1 Nd3+ 17. Ke2 Nxb2 18. Bb3 Rac8 19. Rhc1 Rfd8 20. a4 Rd3 21. Rab1 b4 22. Rxb2 Rdxc3 23. Rxc3 Rxc3 24. Ne1 a5 25. f3 Ba6+ 26. Kf2 Bc5+ 27. Kg3 Bd4 28. Rd2 Bxe5+ 29. Kf2 Kf8 30. Bc2 Ke7 31. g3 Bc4 32. Nd3 Bxd3 33. Bxd3 Ra3 34. Bc2 Ra2 35. Re2 Bc3 36. Ke3 Kd6 37. Kd3 Kc5 38. Re4 Ra3 39. Rc4+ Kd6 40. Rc8 Bf6+ 41. Ke2 Rc3 42. Rxc3 bxc3 43. Be4 Kc5 44. Bc2 Kb4 45. h4 Ka3 46. h5 g6 47. g4 Kb2 48. Kd1 Bd4 49. Bd3 Be3 50. Be4 f5 51. gxf5 exf5 52. Bd3 Ka3 53. hxg6 hxg6 54. Bc2 g5 55. Bxf5 Kxa4 56. Kc2 Bd2 57. Kb1 Kb4 58. Ka2 a4 59. Bc2 Bc1 60. Kb1 Bb2 61. Ka2 a3 62. Kb1 Kc5 63. Ka2 Kd4 64. Kb1 Ke3 65. Bd1 Kd2 66. Bc2 Ke2 67. Be4 Ke3 68. Bd5 Kd2 69. Be4 a2+ 70. Kxa2 c2 71. Bxc2 Kxc2 72. f4 g4 73. f5 Be5 74. Ka3 g3 75. Kb4 g2 76. Kc4 g1Q 77. Kd5 Qd4+ 78. Ke6 Qf4 79. f6 Qxf6+ 80. Kd5 Bh2 81. Ke4 Qe5+ 82. Kf3 Kd3 83. Kg2 Qf5 84. Kh1 Qf1+ 85. Kxh2 Qf8 86. Kg3 Ke3 87. Kg4 Qf4+ 88. Kh3 Qg5 89. Kh2 Kf2 0-1